Comentarios a la Ley de la jurisdicción contencioso-administrativa de 1998 / (Record no. 67428)

MARC details
000 -LEADER
campo de control de longitud fija 01102nam a2200289 i 4500
001 - NÚMERO DE CONTROL
campo de control 67428
003 - IDENTIFICADOR DE NÚMERO DE CONTROL
campo de control ES-MaACL
005 - FECHA Y HORA DE LA ÚLTIMA TRANSACCIÓN
campo de control 20240228113009.0
007 - CAMPO FIJO DE DESCRIPCIÓN FÍSICA--INFORMACIÓN GENERAL
campo de control de longitud fija t|
008 - DATOS DE LONGITUD FIJA--INFORMACIÓN GENERAL
campo de control de longitud fija 040526s2002 sp ||||0| spa d
020 ## - NÚMERO INTERNACIONAL ESTÁNDAR DEL LIBRO
Número Internacional Estándar del Libro 84-8410-925-9
040 ## - FUENTE DE CATALOGACIÓN
Centro catalogador/agencia de origen M-BN
Lengua de catalogación spa
Centro/agencia transcriptor M-BN
080 ## - NÚMERO DE LA CLASIFICACIÓN DECIMAL UNIVERSAL
Número de la Clasificación Decimal Universal 351.95(460)
245 00 - MENCIÓN DEL TÍTULO
Título Comentarios a la Ley de la jurisdicción contencioso-administrativa de 1998 /
Mención de responsabilidad, etc. autores, Fernando Irurzun Montoro ... [et al.] ; con prólogo de Angel Rodríguez García ; [obra colectiva coordinada por, Manuel Rivero González].
250 ## - MENCION DE EDICION
Mención de edición 2ª ed.
260 ## - PUBLICACIÓN, DISTRIBUCIÓN, ETC.
Lugar de publicación, distribución, etc. Cizur Menor (Navarra) :
Nombre del editor, distribuidor, etc. Aranzadi,
Fecha de publicación, distribución, etc. 2002.
300 ## - DESCRIPCIÓN FÍSICA
Extensión 1170 p. ;
Dimensiones 25 cm.
490 1# - MENCIÓN DE SERIE
Mención de serie Monografías Aranzadi
650 14 - PUNTO DE ACCESO ADICIONAL DE MATERIA--TÉRMINO DE MATERIA
Término de materia o nombre geográfico como elemento de entrada Procedimiento contencioso administrativo-
Subdivisión geográfica España.
9 (RLIN) 16424
700 1# - ENTRADA AGREGADA--NOMBRE PERSONAL
Nombre de persona Irurzun Montoro, Fernando.
9 (RLIN) 65501
700 1# - ENTRADA AGREGADA--NOMBRE PERSONAL
Nombre de persona Rivero González, Manuel.
9 (RLIN) 97700
700 1# - ENTRADA AGREGADA--NOMBRE PERSONAL
Nombre de persona Rodríguez García, Angel.
9 (RLIN) 98535
830 0# - PUNTO DE ACCESO ADICIONAL DE SERIE-TÍTULO UNIFORME
Título uniforme Monografías Aranzadi
9 (RLIN) 230896
852 ## - LOCALIZACIÓN
Ubicación ES-MaACL
Número de control de estantería A-15291
itemnumber 69944
Ubicación en estantería Depósito 1
Signatura antigua Olim: L 351.95(460) "1998" com
-- Olim: Meseton
942 ## - ELEMENTOS DE ENTRADA SECUNDARIOS (KOHA)
Fuente del sistema de clasificación o colocación Clasificación decimal universal
Holdings
Estatus retirado Estado de pérdida Fuente del sistema de clasificación o colocación Estado de daño No para préstamo Biblioteca de origen Biblioteca actual Ubicación en estantería Fecha de adquisición Total de préstamos Signatura topográfica completa Código de barras Visto por última vez Precio de reemplazo Tipo de ítem Koha
    Clasificación decimal universal     Biblioteca del Ateneo de Madrid Biblioteca del Ateneo de Madrid Depósito 1 17/01/2008   A-15291 1070609 23/02/2023 23/02/2023 Libro impreso